Centroamericanos redefiniendo las fronteras. Central Americans redefining the borders

El autor narra la experiencia de los trabajadores migrantes en los fresales del valle californiano de Salidas. Plantaciones que dependen de la mano de obra barata, sin embargo, en la historia de las luchas sindicales a favor de mejores condiciones laborales el autor encontró un horizonte de lucha, d...

Full description

Saved in:
Bibliographic Details
Main Author: Rocha, José Luis
Format: Text
Published: Managua: ENVIO
Subjects:
Tags: Add Tag
No Tags, Be the first to tag this record!

MARC

LEADER 00000 a a2200000 04500
001 38911
003
040
090 |a 1001 R675c  
100 |a Rocha, José Luis  
245 |a Centroamericanos redefiniendo las fronteras. Central Americans redefining the borders  
260 |a Managua:   |b ENVIO  
300 |a 353 p.  
520 |a El autor narra la experiencia de los trabajadores migrantes en los fresales del valle californiano de Salidas. Plantaciones que dependen de la mano de obra barata, sin embargo, en la historia de las luchas sindicales a favor de mejores condiciones laborales el autor encontró un horizonte de lucha, de lucidez y de cambio  
650 |a MIGRANTES  
650 |a MIGRACION LABORAL  
650 |a MEXICANOS  
650 |a MOVIMIENTOS SOCIALES  
650 |a ESTADOS UNIDOS  
999 |c 10417  |d 10417